Memory in ancient Rome and early Christianity /

Bibliographic Details
Other Authors: Galinsky, Karl, 1942- (Editor)
Format: Book
Language:English
Published: Oxford ; New York : Oxford University Press, [2016]
Edition:First edition.
Subjects:

MARC

Tag First Indicator Second Indicator Subfields
LEADER 00000cam a2200000 i 4500
001 in00003608913
005 20170928112605.0
008 150630t20162016enka b 001 0 eng d
020 |a 9780198744764  |q hardback 
020 |a 0198744765  |q hardback 
035 |a (OCoLC)ocn935450039 
040 |a EQO  |e rda  |c EQO  |d TJC  |d TEF  |d EYM  |d TKN  |d TXA  |d UtOrBLW 
043 |a ff-----  |a e------  |a aw----- 
049 |a TXAM 
082 0 |a 270.1  |2 23 
090 |a BF371  |b .M4548 2016 
245 0 0 |a Memory in ancient Rome and early Christianity /  |c edited by Karl Galinsky. 
250 |a First edition. 
264 1 |a Oxford ;  |a New York :  |b Oxford University Press,  |c [2016] 
264 4 |c ©2016 
300 |a xiv, 406 pages :  |b illustrations ;  |c 23 cm. 
336 |a text  |b txt  |2 rdacontent 
337 |a unmediated  |b n  |2 rdamedia 
338 |a volume  |b nc  |2 rdacarrier 
504 |a Includes bibliographical references and indexes. 
650 0 |a Memory  |x Social aspects. 
650 0 |a Memory in art.  |0 http://id.loc.gov/authorities/subjects/sh97002102 
650 0 |a Memory in literature.  |0 http://id.loc.gov/authorities/subjects/sh85083503 
650 0 |a Memory  |x Religious aspects.  |0 http://id.loc.gov/authorities/subjects/sh91003209 
650 0 |a Collective memory.  |0 http://id.loc.gov/authorities/subjects/sh2006002444 
650 0 |a Church history  |y Primitive and early church, ca. 30-600.  |0 http://id.loc.gov/authorities/subjects/sh85025620 
651 0 |a Rome  |x Religion.  |0 http://id.loc.gov/authorities/subjects/sh96009771 
700 1 |a Galinsky, Karl,  |d 1942-  |e editor.  |0 http://id.loc.gov/authorities/names/n50017360 
945 |a PromptCat 
948 |a cataloged  |b h  |c 2016/3/16  |d c  |e dmitchel  |f 10:30:20 am 
994 |a C0  |b TXA 
999 f f |s e14b9b42-c941-359b-9dd9-169f0bbcf5b1  |i 66673001-5bc4-3fde-a473-8292e078802f  |t 0 
952 f f |p normal  |a Texas A&M University  |b College Station  |c Sterling C. Evans Library  |d Evans: Library Stacks  |t 0  |e BF371 .M4548 2016  |h Library of Congress classification  |i unmediated -- volume  |m A14843373185 
998 f f |a BF371 .M4548 2016  |t 0  |l Evans: Library Stacks